[Event "EU-ch (Men) 11th"]
[Site "Rijeka"]
[Date "2010.03.07"]
[Round "2.16"]
[White "Moiseenko, Alexander"]
[Black "Shimanov, Alexandr"]
[Result "1-0"]
[WhiteElo "2668"]
[BlackElo "2553"]
[PlyCount "103"]
[EventDate "2010.03.06"]
[EventType "swiss"]
[EventRounds "11"]
[EventCountry "CRO"]
[SourceDate "2010.03.06"]

1. d4 d5 2. c4 c6 3. Nc3 Nf6 4. e3 a6 5. Qc2 e6 6. Bd2 Nbd7 7. Nf3 c5 8. cxd5
exd5 9. g4 h6 10. Bg2 Be7 11. h4 Nxg4 12. Nxd5 Ngf6 13. Nxe7 Qxe7 14. dxc5 Nxc5
15. Rc1 Ne6 16. Qb3 Nc5 17. Qc2 Ne6 18. a3 Qd8 19. O-O O-O 20. Bb4 Re8 21. Rfd1
Nd7 22. Qf5 a5 23. Bd6 Ra6 24. Bg3 Qe7 25. Qb5 Nf6 26. Ne5 Rd8 27. Rxd8+ Qxd8
28. Kh2 Ra7 29. Bf3 Ne8 30. Nxf7 Kxf7 31. Bh5+ g6 32. Qf5+ Kg8 33. Qxg6+ N8g7
34. Qf7+ Kh8 35. Rd1 Qg8 36. Qf6 Ra6 37. Be5 Nf8 38. Qd8 Bf5 39. Qb8 Kh7 40.
Qxb7 Re6 41. Bf7 Rxe5 42. Bxg8+ Kxg8 43. Rd5 Re6 44. Rxa5 Be4 45. Qb3 Kh7 46.
Ra4 Bb1 47. Qd1 Bg6 48. Ra7 Re4 49. Qd8 Kg8 50. b4 Rg4 51. f3 Nge6 52. Qxf8+
1-0

[Event "EU-ch (Men) 11th"]
[Site "Rijeka"]
[Date "2010.03.07"]
[Round "2.77"]
[White "Nabaty, Tamir"]
[Black "Gyimesi, Zoltan"]
[Result "1/2-1/2"]
[WhiteElo "2485"]
[BlackElo "2586"]
[PlyCount "75"]
[EventDate "2010.03.06"]
[EventType "swiss"]
[EventRounds "11"]
[EventCountry "CRO"]
[SourceDate "2010.03.06"]

1. e4 c6 2. d4 d5 3. f3 e6 4. Nc3 Bb4 5. Bd2 Nf6 6. e5 Nfd7 7. Nce2 Bxd2+ 8.
Qxd2 b6 9. f4 Ba6 10. Nf3 c5 11. c3 Nc6 12. g4 h5 13. gxh5 Bxe2 14. Bxe2 Rxh5
15. Ng5 Rh4 16. f5 cxd4 17. fxe6 Ndxe5 18. exf7+ Nxf7 19. Ne6 Qe7 20. Nxg7+ Kf8
21. Nf5 Qe4 22. Rf1 Rxh2 23. Nd6 Qh4+ 24. Kd1 Nce5 25. cxd4 Rxe2 26. Kxe2 Qh5+
27. Kf2 Nxd6 28. dxe5 Qxe5 29. Qc3 Qxc3 30. bxc3 Ke7 31. Rh1 Kd7 32. Ke3 Kc6
33. Kd4 Nb5+ 34. Kd3 Kc5 35. a4 Nd6 36. Rh7 Nc4 37. Rb1 a6 38. Rc7+ 1/2-1/2

[Event "EU-ch (Men) 11th"]
[Site "Rijeka"]
[Date "2010.03.07"]
[Round "2.99"]
[White "Hamitevici, Vladimir"]
[Black "Bartel, Mateusz"]
[Result "1-0"]
[WhiteElo "2401"]
[BlackElo "2634"]
[PlyCount "79"]
[EventDate "2010.03.06"]
[EventType "swiss"]
[EventRounds "11"]
[EventCountry "CRO"]
[SourceDate "2010.03.06"]

1. d4 f5 2. g3 Nf6 3. Bg2 g6 4. Nf3 Bg7 5. O-O O-O 6. c3 a5 7. a4 e6 8. Nbd2
Nc6 9. Re1 d5 10. Qb3 b6 11. Nb1 Ne4 12. Na3 g5 13. Nd2 g4 14. Nf1 Ne7 15. f3
Nd6 16. Bg5 h6 17. Bf4 Ng6 18. Bxd6 Qxd6 19. fxg4 f4 20. Qc2 Rf6 21. e4 e5 22.
Nb5 Qf8 23. exd5 Bxg4 24. Be4 f3 25. Kf2 Bh5 26. dxe5 Nf4 27. gxf4 Rxf4 28. Nd4
Qe7 29. Nf5 Qc5+ 30. Re3 Bxe5 31. N1g3 Bf7 32. Nxh6+ Kf8 33. Nxf7 Rxf7 34. Nh5
Re8 35. Rae1 Bh8 36. Qd3 Re5 37. Bg6 Rfe7 38. Kxf3 Rxd5 39. Qb5 Rxe3+ 40. Rxe3
1-0

[Event "EU-ch (Men) 11th"]
[Site "Rijeka"]
[Date "2010.03.07"]
[Round "2.100"]
[White "Papaioannou, Ioannis"]
[Black "Zavgorodniy, Sergiy"]
[Result "1-0"]
[WhiteElo "2630"]
[BlackElo "2409"]
[PlyCount "103"]
[EventDate "2010.03.06"]
[EventType "swiss"]
[EventRounds "11"]
[EventCountry "CRO"]
[SourceDate "2010.03.06"]

1. d4 Nf6 2. c4 e6 3. g3 Bb4+ 4. Nd2 Nc6 5. Ngf3 d5 6. Bg2 O-O 7. Qc2 dxc4 8.
Qxc4 Qd5 9. O-O a5 10. Rd1 Rd8 11. a3 Bd6 12. b3 Qh5 13. Bb2 e5 14. dxe5 Nxe5
15. Qc3 Re8 16. Nc4 Nxc4 17. Qxc4 Be6 18. Qc3 Bd5 19. Qc2 Be4 20. Qc1 Nd7 21.
Qc3 Qh6 22. Rac1 Ne5 23. Nh4 Bxg2 24. Kxg2 Ng4 25. Qc4 Qe6 26. Qxe6 fxe6 27.
Nf3 Ra6 28. h3 Nf6 29. Ne5 Ne4 30. Nc4 Bf8 31. Rd3 a4 32. b4 Rc6 33. b5 Rc5 34.
f3 Nf6 35. Nd2 Rxb5 36. Bxf6 gxf6 37. Rxc7 f5 38. g4 Rb2 39. Kf2 b5 40. Rdd7
Bxa3 41. Nf1 f4 42. g5 Rb1 43. Nd2 Rc1 44. Rg7+ Kh8 45. Rxh7+ Kg8 46. Rcg7+ Kf8
47. Rf7+ Kg8 48. Ne4 Bc5+ 49. Nxc5 Rxc5 50. h4 a3 51. Rfg7+ Kf8 52. h5 1-0

[Event "EU-ch (Men) 11th"]
[Site "Rijeka"]
[Date "2010.03.07"]
[Round "2.105"]
[White "Nyback, Tomi"]
[Black "Bajarani, Ulvi"]
[Result "1/2-1/2"]
[WhiteElo "2624"]
[BlackElo "2395"]
[PlyCount "141"]
[EventDate "2010.03.06"]
[EventType "swiss"]
[EventRounds "11"]
[EventCountry "CRO"]
[SourceDate "2010.03.06"]

1. d4 d5 2. c4 c6 3. Nf3 Nf6 4. e3 e6 5. b3 Nbd7 6. Bd3 Bd6 7. Bb2 O-O 8. O-O
Qe7 9. Ne5 c5 10. Nd2 b6 11. Nc6 Qe8 12. e4 Bb7 13. exd5 exd5 14. Re1 Qc8 15.
Ne7+ Bxe7 16. Rxe7 Qd8 17. Re1 cxd4 18. Bxd4 Nc5 19. Bf1 Ne6 20. Bb2 Re8 21.
Qf3 Rb8 22. Rad1 d4 23. Qf5 g6 24. Qe5 Ng4 25. Qg3 Nf6 26. b4 Nh5 27. Qe5 f6
28. Qb5 Qc8 29. Qa4 Bc6 30. Qb3 a5 31. b5 Bb7 32. c5 bxc5 33. Bc4 Nhg7 34. Ne4
Bxe4 35. Rxe4 Kh8 36. Ba3 Ng5 37. Rxe8+ Nxe8 38. Rc1 Ne4 39. Bd3 N8d6 40. Qd5
Qf5 41. Qxf5 gxf5 42. Bxc5 Nxb5 43. Bxb5 Rxb5 44. Bxd4 Rd5 45. Ba1 Kg7 46. f3
Nc5 47. Bc3 Nd3 48. Rd1 a4 49. Kf1 Kf7 50. g3 Ke6 51. Ke2 Ne5 52. Rxd5 Kxd5 53.
Ke3 h5 54. h3 Nc4+ 55. Ke2 Ne5 56. Bb4 Nc6 57. Bf8 Nd4+ 58. Ke3 Ne6 59. Be7 f4+
60. gxf4 f5 61. Bf6 Kc4 62. Be5 Nf8 63. Bg7 Ne6 64. Bf6 Nf8 65. Be7 Ne6 66. Bd6
Kd5 67. Be5 Kc4 68. Kf2 Nf8 69. Bd6 Ng6 70. Ke3 Kd5 71. Ba3 1/2-1/2

[Event "EU-ch (Men) 11th"]
[Site "Rijeka"]
[Date "2010.03.07"]
[Round "2.148"]
[White "Burstein, Almog"]
[Black "Bodiroga, Predrag"]
[Result "0-1"]
[WhiteElo "2100"]
[BlackElo "2422"]
[PlyCount "158"]
[EventDate "2010.03.06"]
[EventType "swiss"]
[EventRounds "11"]
[EventCountry "CRO"]
[SourceDate "2010.03.06"]

1. e4 d5 2. exd5 Qxd5 3. Nc3 Qd6 4. d4 Nf6 5. Nf3 c6 6. Be2 Bf5 7. Be3 Nbd7 8.
Qd2 e6 9. Nh4 Bg4 10. f3 Bh5 11. g4 Bg6 12. Nxg6 hxg6 13. O-O-O O-O-O 14. Bf4
Qb4 15. a3 Qa5 16. Ne4 Qxd2+ 17. Rxd2 Nb6 18. Ng5 Rd7 19. c4 Nh7 20. Ne4 Be7
21. Rhd1 g5 22. Bg3 Nf8 23. b4 Ng6 24. Nc5 Rdd8 25. Kc2 Nf4 26. Bf1 Bxc5 27.
bxc5 Nd7 28. Kc3 f6 29. Kb4 Nf8 30. h4 Rxh4 31. Bxh4 gxh4 32. a4 g5 33. a5 a6
34. Kc3 N8g6 35. Bd3 Ne7 36. Bc2 Kc7 37. Be4 h3 38. Rh1 Rh8 39. Rdh2 f5 40. Bd3
Rh4 41. Bf1 fxg4 42. fxg4 Rxg4 43. Bxh3 Rg3+ 44. Kc2 Neg6 45. Bxe6 Nxe6 46.
Rh7+ Kc8 47. d5 cxd5 48. cxd5 Nxc5 49. Rg7 Nf8 50. Rh8 Rf3 51. Rgg8 Ncd7 52.
Rxg5 Kc7 53. Rh6 Nf6 54. Rg7+ N8d7 55. Rg5 Kd6 56. Rhg6 Kc5 57. Kb2 Nxd5 58.
Rg7 Kc6 59. R7g6+ N7f6 60. Rg7 b6 61. axb6 Kxb6 62. Rg3 Rf2+ 63. Kb3 a5 64.
R7g6 Kb5 65. R3g5 Rf3+ 66. Kb2 Kc4 67. Rg3 Rf2+ 68. Ka3 Ne4 69. R3g4 Ndc3 70.
Rc6+ Kb5 71. Rxc3 Nxc3 72. Rg5+ Kb6 73. Rg6+ Kc5 74. Rg5+ Nd5 75. Rh5 Rf4 76.
Rg5 Rd4 77. Rh5 Kb5 78. Rg5 Rd3+ 79. Kb2 Ka4 0-1